World politics : (Record no. 816)

000 -LEADER
fixed length control field 01189cam a2200325 a 4500
003 - CONTROL NUMBER IDENTIFIER
control field OSt
005 - DATE AND TIME OF LATEST TRANSACTION
control field 20210621075620.0
008 - FIXED-LENGTH DATA ELEMENTS--GENERAL INFORMATION
fixed length control field 101223s2012 mauab b 001 0 eng d
020 ## - INTERNATIONAL STANDARD BOOK NUMBER
International Standard Book Number 9780495906551 (student ed. : pbk.)
020 ## - INTERNATIONAL STANDARD BOOK NUMBER
International Standard Book Number 0495906557 (student ed. : pbk.)
040 ## - CATALOGING SOURCE
Transcribing agency BTCTA
042 ## - AUTHENTICATION CODE
Authentication code lccopycat
050 00 - LIBRARY OF CONGRESS CALL NUMBER
Classification number JZ1310
Item number .K45 2012
100 1# - MAIN ENTRY--PERSONAL NAME
Personal name Kegley, Charles W.
245 10 - TITLE STATEMENT
Title World politics :
Remainder of title trends and transformations /
Statement of responsibility, etc. Charles William Kegley and Shannon Lindsey Blanton.
250 ## - EDITION STATEMENT
Edition statement 2011-2012 updated ed.
260 ## - PUBLICATION, DISTRIBUTION, ETC.
Place of publication, distribution, etc. Boston, MA :
Name of publisher, distributor, etc. Wadsworth Cengage Learning,
Date of publication, distribution, etc. c2012.
300 ## - PHYSICAL DESCRIPTION
Extent xxxii, 672 p. :
Other physical details col. ill., col. maps ;
Dimensions 26 cm.
504 ## - BIBLIOGRAPHY, ETC. NOTE
Bibliography, etc. note Includes bibliographical references (p. 627-658) and indexes.
650 #0 - SUBJECT ADDED ENTRY--TOPICAL TERM
Topical term or geographic name entry element World politics
Chronological subdivision 21st century.
650 #0 - SUBJECT ADDED ENTRY--TOPICAL TERM
Topical term or geographic name entry element International relations
General subdivision History
Chronological subdivision 21st century.
700 1# - ADDED ENTRY--PERSONAL NAME
Personal name Blanton, Shannon Lindsey.
906 ## - LOCAL DATA ELEMENT F, LDF (RLIN)
a 7
b cbc
c copycat
d 3
e ncip
f 20
g y-gencatlg
942 ## - ADDED ENTRY ELEMENTS (KOHA)
Source of classification or shelving scheme
Koha item type Book
Suppress in OPAC so
Holdings
Withdrawn status Lost status Source of classification or shelving scheme Damaged status Not for loan Permanent Location Current Location Shelving location Date acquired Total Checkouts Full call number Barcode Date last seen Copy number Price effective from Koha item type Public note
          AU LIBRARY AU LIBRARY Open Shelf 21.06.2021   JZ1310 .K45 2012 C1 28001699 21.06.2021 1 21.06.2021 Book SO
          AU LIBRARY AU LIBRARY Open Shelf 21.06.2021   JZ1310 .K45 2012 C2 28001701 21.06.2021 2 21.06.2021 Book SO
          AU LIBRARY AU LIBRARY Open Shelf 21.06.2021   JZ1310 .K45 2012 C3 28001702 21.06.2021 3 21.06.2021 Book SO
          AU LIBRARY AU LIBRARY Open Shelf 21.06.2021   JZ1310 .K45 2012 C4 28000334 21.06.2021 4 21.06.2021 Book SO
          AU LIBRARY AU LIBRARY Open Shelf 21.06.2021   JZ1310 .K45 2012 C5 28001700 21.06.2021 5 21.06.2021 Book SO

Powered by Koha